Minecraft Cat Breeds by Picture - Statistics

General Stats
  • This quiz has been taken 10 times
  • The average score is 9 of 12
Answer Stats
Picture Answer % Correct
Black
100%
Ocelot
88%
Red
88%
White
88%
Calico
75%
Jellie
75%
Siamese
75%
Tuxedo
75%
British Shorthair
50%
Persian
50%
Tabby
50%
Ragdoll
38%
No matching quizzes found
Score Distribution
Percent of People with Each Score
Percentile by Number Answered
Your Score History
You have not taken this quiz